000 01944nam0a2200325 4500
001 RU\NLR\bibl\1759038
005 20250616123418.0
010 _a978-5-215-02216-0
_9100
021 _aRU
_b2011-22406
_91583
035 _a(NLR Aleph) 001749862
090 _a1511999
_c1511999
100 _a20110414d2010 |||y0rusy50 ca
101 0 _arus
102 _aRU
105 _aa |||||||||
200 1 _aКомпьютерные сети и системы телекоммуникаций
_eучебное пособие
_eдля студентов специальности "Прикладная информатика в управлении" - 080801, "Информационный менеджмент" - 080508, "Математические методы в экономике" - 080116
_fА.А. Дагабян, к.ф.-м.н., доц., В.А. Машуев, к.э.н., доц., Р.А. Юзбашьянц, к.т.н., доц.
_gМ-во образования и науки Рос. Федерации, Гос. образоват. учреждение высш. проф. образования "Гос. ун-т упр.", Ин-т информ. систем упр.
210 _aМосква
_cИздательский дом ГОУ ВПО "ГУУ"
_d2010
215 _a161 с.
_cил.
_d21
320 _aБиблиогр.: с. 157 (9 назв.)
606 1 _aВычислительные сети
_jУчебные издания для высших учебных заведений
_92126109
_3RU\NLR\auth\661283311
686 _aЗ988.02я73-1
700 1 _aДабагян
_bА. А.
_gАлександр Агаронович
_4070
701 1 _aМашурцев
_bВ. А.
_gВладимир Адамович
_4070
701 1 _aЮзбашьянц
_bР. А.
_gРоман Аэронетович
_4070
801 0 _aRU
_bNLR
_c20110414
_gRCR
801 1 _aRU
_bNLR
_c20110414
830 _aавт. по кн.
942 _cBOOK
980 _aNB